[Event "USA-ch (Women)"]
[Site "Saint Louis"]
[Date "2010.07.17"]
[Round "7"]
[White "Zatonskih, Anna"]
[Black "Marinello, Beatriz M"]
[Result "1-0"]
[WhiteElo "2470"]
[BlackElo "2160"]
[PlyCount "99"]
[EventDate "2010.07.10"]
[EventType "tourn"]
[EventRounds "9"]
[EventCountry "USA"]
[EventCategory "3"]
[SourceTitle "CBM 137 Extra"]
[Source "ChessBase"]
[SourceDate "2010.09.01"]
[SourceVersion "1"]
[SourceVersionDate "2010.09.01"]
[SourceQuality "1"]

1. d4 d5 2. c4 e6 3. Nf3 Nf6 4. Nc3 Be7 5. Bf4 0-0 6. e3 a6 7. Qc2 dxc4 8. Bxc4 b5 9. Bd3 Bb7 10. a4 Nc6 11. Qe2 Nb4 12. Bb1 bxa4 13. 0-0 a5 14. Rd1 Nfd5 15. Bg3 Ba6 16. Qd2 Bc4 17. Nxa4 Nb6 18. Rc1 Rc8 19. Nc5 Ra8 20. e4 Ra7 21. Qc3 Qa8 22. Ne5 Bb5 23. Qe3 Rd8 24. Bf4 c6 25. Qh3 Bxc5 26. dxc5 Nd7 27. Nxd7 Raxd7 28. Bd6 e5 29. Ra3 Rxd6 30. cxd6 Rxd6 31. Qc3 Qd8 32. h3 Rd1+ 33. Rxd1 Qxd1+ 34. Kh2 Qxb1 35. Rxa5 h6 36. Qxb4 Qc1 37. Ra8+ Kh7 38. Qc3 Qf4+ 39. Qg3 Qxe4 40. Re8 f6 41. Re7 Qg6 42. Qxg6+ Kxg6 43. b4 h5 44. Kg3 Kh6 45. h4 g5 46. hxg5+ Kxg5 47. Rg7+ Kh6 48. Rg8 Bc4 49. Rc8 Bd5 50. Rd8 1-0

[Event "USA-ch (Women)"]
[Site "Saint Louis"]
[Date "2010.07.13"]
[Round "4"]
[White "Marshall, Abby"]
[Black "Marinello, Beatriz M"]
[Result "1/2-1/2"]
[WhiteElo "2182"]
[BlackElo "2160"]
[PlyCount "99"]
[EventDate "2010.07.10"]
[EventType "tourn"]
[EventRounds "9"]
[EventCountry "USA"]
[EventCategory "3"]
[SourceTitle "CBM 137 Extra"]
[Source "ChessBase"]
[SourceDate "2010.09.01"]
[SourceVersion "1"]
[SourceVersionDate "2010.09.01"]
[SourceQuality "1"]

1. e4 c6 2. d4 d5 3. exd5 cxd5 4. c4 Nf6 5. Nc3 Nc6 6. Nf3 Bg4 7. cxd5 Nxd5 8. Qb3 Bxf3 9. gxf3 e6 10. Qxb7 Nxd4 11. Bb5+ Nxb5 12. Qc6+ Ke7 13. Qxb5 Nxc3 14. bxc3 Qd5 15. Qe2 Rd8 16. 0-0 Qd3 17. Qe5 Rd5 18. Qc7+ Kf6 19. Qf4+ Qf5 20. Qxf5+ Kxf5 21. Be3 Ba3 22. Rab1 Rc8 23. Rb7 Kf6 24. Rxa7 Rxc3 25. Rb1 Kg6 26. Ra4 Bc5 27. Bxc5 Rdxc5 28. Kg2 Rg5+ 29. Rg4 Ra3 30. Rb2 h5 31. Rg3 Kf6 32. f4 Rga5 33. Rxa3 Rxa3 34. h4 g6 35. f3 Kf5 36. Kg3 Ra5 37. Rc2 f6 38. Rb2 e5 39. fxe5 fxe5 40. Rc2 Ra3 41. Re2 Ra4 42. Rb2 g5 43. hxg5 h4+ 44. Kh3 Kxg5 45. Rg2+ Kf5 46. Rg8 Rxa2 47. Kxh4 Kf4 48. Rf8+ Ke3 49. Re8 Kd4 50. Rd8+ 1/2-1/2

[Event "USA-ch (Women)"]
[Site "Salt Lake City"]
[Date "1999.08.26"]
[Round "4"]
[White "Marinello, Beatriz M"]
[Black "Sagalchik, Olga"]
[Result "0-1"]
[WhiteElo "2221"]
[BlackElo "2137"]
[PlyCount "27"]
[EventDate "1999.08.05"]
[EventType "tourn"]
[EventRounds "9"]
[EventCountry "USA"]
[SourceTitle "EXT 2000"]
[Source "ChessBase"]
[SourceDate "1999.11.16"]
[SourceVersion "1"]
[SourceVersionDate "1999.11.16"]
[SourceQuality "1"]

1. e4 c5 2. Nf3 e6 3. d4 cxd4 4. Nxd4 a6 5. Bd3 Qc7 6. a4 d6 7. e5 g6 8. Nc6 a5 9. Be3 Bg7 10. f4 f5 11. b3 g5 12. Bf1 Kd7 13. Kf2 Kxc6 14. Be2 0-1

[Event "USA-chT Amateur East"]
[Site "Parsippany"]
[Date "1999.02.13"]
[Round "2"]
[White "Ritter, Mark"]
[Black "Marinello, Beatriz M"]
[Result "1-0"]
[WhiteElo "2415"]
[BlackElo "2230"]
[PlyCount "81"]
[EventDate "1999.02.??"]
[EventType "team"]
[EventRounds "6"]
[EventCountry "USA"]
[SourceTitle "EXT 2000"]
[Source "ChessBase"]
[SourceDate "1999.11.16"]
[SourceVersion "1"]
[SourceVersionDate "1999.11.16"]
[SourceQuality "1"]

1. d4 Nf6 2. Nf3 g6 3. Nbd2 Bg7 4. e4 d6 5. Bd3 0-0 6. 0-0 Nc6 7. Re1 e5 8. c3 Nh5 9. Nb3 h6 10. h3 a5 11. a4 Nf6 12. Bd2 Bd7 13. dxe5 Nxe5 14. Nxe5 dxe5 15. Qe2 b6 16. Bb5 c6 17. Bc4 Qc7 18. Qf3 b5 19. Bf1 Kh7 20. Nc5 Be8 21. Be3 Nd7 22. Red1 Nb6 23. Rd2 Rg8 24. Qd1 Bf8 25. b3 Be7 26. Be2 Kg7 27. Qc1 Rh8 28. Qf1 Nd7 29. Nd3 Nf6 30. f3 Rd8 31. Qf2 Rb8 32. Nc5 Ra8 33. Rad1 Rg8 34. g4 Rh8 35. h4 Rh7 36. Kg2 Rh8 37. Qg3 Rd8 38. Rxd8 Bxd8 39. Rxd8 Qxd8 40. Qxe5 g5 41. Bd4 1-0

[Event "US Open-99"]
[Site "Kailua Kona"]
[Date "1998.08.07"]
[Round "7"]
[White "Marinello, Beatriz M"]
[Black "Ashton, Jeff"]
[Result "0-1"]
[WhiteElo "2230"]
[BlackElo "2285"]
[PlyCount "88"]
[EventDate "1998.08.01"]
[EventType "swiss"]
[EventRounds "9"]
[EventCountry "USA"]
[SourceTitle "EXT 1999"]
[Source "ChessBase"]
[SourceDate "1998.11.16"]
[SourceVersion "1"]
[SourceVersionDate "1998.11.16"]
[SourceQuality "1"]

1. e4 c5 2. Nf3 Nc6 3. d4 cxd4 4. Nxd4 Nf6 5. Nc3 d6 6. Bc4 Qb6 7. Nb3 e6 8. 0-0 Be7 9. Bg5 Ne5 10. Be2 a6 11. a4 Qc7 12. Qd4 Nc6 13. Qd2 h6 14. Be3 Ne5 15. a5 Nc4 16. Bxc4 Qxc4 17. Ra4 Qc6 18. Qd3 0-0 19. Rc4 Qe8 20. f4 Bd7 21. e5 dxe5 22. fxe5 Nd5 23. Nxd5 exd5 24. Rc7 Bb5 25. Qxd5 Bxf1 26. Kxf1 Rc8 27. Qxb7 Rxc7 28. Qxc7 Qb5+ 29. Kf2 Bh4+ 30. g3 Bg5 31. Bc5 Qc4 32. Nd4 Re8 33. c3 Qd3 34. h4 Qe3+ 35. Kg2 Bd8 36. Qc6 Rxe5 37. Qc8 Re8 38. Qc6 Qd2+ 39. Kh3 Qe1 40. Qf3 Bc7 41. Nf5 Re5 42. Bf2 Qf1+ 43. Kg4 h5+ 44. Kxh5 Rxf5+ 0-1

[Event "Olympiad Women-31"]
[Site "Moscow"]
[Date "1994.12.09"]
[Round "8"]
[White "De Kleuver, Esther"]
[Black "Marinello, Beatriz M"]
[Result "1/2-1/2"]
[WhiteElo "2160"]
[BlackElo "2220"]
[PlyCount "115"]
[EventDate "1994.12.01"]
[EventType "team-swiss"]
[EventRounds "14"]
[EventCountry "RUS"]
[SourceTitle "EXT 2019"]
[Source "ChessBase"]
[SourceDate "2018.10.10"]
[SourceVersion "1"]
[SourceVersionDate "2018.10.10"]
[SourceQuality "1"]
[WhiteTeam "Netherlands (W)"]
[BlackTeam "United States (W)"]
[WhiteTeamCountry "NED"]
[BlackTeamCountry "USA"]

1. e4 e6 2. d4 d5 3. Nc3 Nf6 4. exd5 exd5 5. Bg5 Be7 6. Bd3 Nc6 7. Nge2 Bg4 8. Qd2 Qd7 9. f3 Bf5 10. 0-0-0 h6 11. Be3 Bxd3 12. Qxd3 0-0-0 13. Kb1 Rhe8 14. Nc1 Na5 15. Nb3 Nc4 16. Bc1 Bb4 17. Rhe1 Qc6 18. Bd2 b6 19. a3 Bf8 20. Bc1 Kb7 21. Nd2 Nxd2+ 22. Bxd2 a5 23. Re5 Bd6 24. Rxe8 Rxe8 25. g3 Re6 26. Re1 Be7 27. Rxe6 Qxe6 28. Qe2 Qxe2 29. Nxe2 Ne8 30. Nf4 Kc6 31. Nd3 Bf6 32. c3 Nd6 33. b3 h5 34. Bf4 Kd7 35. Kc2 g6 36. a4 Ke6 37. Be5 Bxe5 38. Nxe5 Kf5 39. Kd2 g5 40. Ke3 g4 41. Nd3 Kg5 42. f4+ Kf5 43. Nf2 f6 44. Kd3 h4 45. Nd1 hxg3 46. hxg3 Ke6 47. Ne3 f5 48. Nf1 Ne4 49. Kc2 Kd6 50. Kd3 c6 51. Kc2 b5 52. Kd3 bxa4 53. bxa4 Ke6 54. Kc2 c5 55. Kd3 c4+ 56. Kc2 Nf2 57. Kd2 Nd3 58. Kc2 1/2-1/2

[Event "Olympiad Women-31"]
[Site "Moscow"]
[Date "1994.12.02"]
[Round "2"]
[White "Eriksson, Ingela S"]
[Black "Marinello, Beatriz M"]
[Result "0-1"]
[WhiteElo "2065"]
[BlackElo "2220"]
[PlyCount "52"]
[EventDate "1994.12.01"]
[EventType "team-swiss"]
[EventRounds "14"]
[EventCountry "RUS"]
[SourceTitle "EXT 2019"]
[Source "ChessBase"]
[SourceDate "2018.10.10"]
[SourceVersion "1"]
[SourceVersionDate "2018.10.10"]
[SourceQuality "1"]
[WhiteTeam "Sweden (W)"]
[BlackTeam "United States (W)"]
[WhiteTeamCountry "SWE"]
[BlackTeamCountry "USA"]

1. e4 e6 2. d4 d5 3. Nd2 Nf6 4. Bd3 c5 5. dxc5 Bxc5 6. Qe2 Nc6 7. Ngf3 0-0 8. e5 Ng4 9. 0-0 f6 10. Nb3 Bxf2+ 11. Kh1 Bb6 12. Ng5 fxg5 13. Qxg4 Rxf1+ 14. Bxf1 Nxe5 15. Qh5 g6 16. Qh3 Qf6 17. Bd2 Bd7 18. Be2 Rf8 19. Bc3 Qf2 20. Bd3 d4 21. Bb4 g4 22. Qh6 Rf7 23. Rg1 Nxd3 24. cxd3 Bc6 25. Qc1 Rc7 26. Bc5 Qh4 0-1

[Event "USA-ch (Women)"]
[Site "USA"]
[Date "1994.??.??"]
[Round "5"]
[White "Marinello, Beatriz M"]
[Black "Belakovskaia, Anjelina"]
[Result "0-1"]
[WhiteElo "2200"]
[BlackElo "2315"]
[PlyCount "74"]
[EventDate "1994.??.??"]
[EventType "tourn"]
[EventRounds "9"]
[EventCountry "USA"]
[SourceTitle "EXT 1998"]
[Source "ChessBase"]
[SourceDate "1997.11.17"]
[SourceVersion "1"]
[SourceVersionDate "1997.11.17"]
[SourceQuality "1"]

1. e4 d6 2. d4 g6 3. Nc3 c6 4. f4 b5 5. Bd3 Bg7 6. Be3 Nd7 7. Nf3 Nb6 8. 0-0 Nf6 9. h3 b4 10. Ne2 d5 11. e5 Ne4 12. c4 bxc3 13. bxc3 f5 14. exf6 exf6 15. c4 Nxc4 16. Bxc4 dxc4 17. Qa4 Qd5 18. Rac1 Be6 19. f5 Bxf5 20. g4 Bd7 21. Rxc4 g5 22. Qc2 h5 23. Bxg5 Nxg5 24. Nxg5 Qxg5 25. Qe4+ Kd8 26. Nf4 Re8 27. Qc2 hxg4 28. Rxc6 gxh3+ 29. Kh2 Qb5 30. Rc4 Bh6 31. Nd3 Qb8+ 32. Kh1 Qb7+ 33. Kh2 Qb8+ 34. Kh1 Qb7+ 35. Kh2 Rg8 36. Rf2 Qb8+ 37. Kh1 Be3 0-1

[Event "USA-ch (Women)"]
[Site "USA"]
[Date "1994.??.??"]
[Round "8"]
[White "Root, Alexey"]
[Black "Marinello, Beatriz M"]
[Result "0-1"]
[WhiteElo "2040"]
[BlackElo "2200"]
[PlyCount "88"]
[EventDate "1994.??.??"]
[EventType "tourn"]
[EventRounds "9"]
[EventCountry "USA"]
[SourceTitle "EXT 1998"]
[Source "ChessBase"]
[SourceDate "1997.11.17"]
[SourceVersion "1"]
[SourceVersionDate "1997.11.17"]
[SourceQuality "1"]

1. d4 Nf6 2. Nf3 d6 3. c4 c5 4. dxc5 Qa5+ 5. Nc3 Qxc5 6. e4 g6 7. Bd3 Bg7 8. 0-0 0-0 9. Nd5 Nc6 10. a3 Nxd5 11. cxd5 Nd4 12. Nxd4 Bxd4 13. Bh6 Re8 14. Rc1 Qb6 15. b4 Bd7 16. Qd2 Rac8 17. Rcd1 Rc3 18. Be2 Bf6 19. Bg5 Rec8 20. Bxf6 exf6 21. Rc1 Qc7 22. Rxc3 Qxc3 23. Qf4 Qe5 24. Qe3 b6 25. f4 Qb2 26. f5 Rc2 27. Bf3 Bb5 28. Re1 Kg7 29. h4 h6 30. fxg6 fxg6 31. Qf4 Qe5 32. Qxe5 fxe5 33. Re3 Kf6 34. Kh2 Bd7 35. Kg3 g5 36. hxg5+ Kxg5 37. Bd1 Rc1 38. Be2 h5 39. Kf2 h4 40. Rf3 Rc2 41. Ke1 Bg4 42. Rf2 Rxe2+ 43. Rxe2 Bxe2 44. Kxe2 Kf4 0-1

[Event "Jakarta Interzonal (Women)"]
[Site "Jakarta"]
[Date "1993.??.??"]
[Round "?"]
[White "Marinello, Beatriz M"]
[Black "Maric, Mirjana"]
[Result "1/2-1/2"]
[WhiteElo "2160"]
[BlackElo "2305"]
[PlyCount "57"]
[EventDate "1993.07.??"]
[EventType "swiss"]
[EventRounds "13"]
[EventCountry "INA"]
[SourceTitle "EXT 1997"]
[Source "ChessBase"]
[SourceDate "1996.11.15"]
[SourceVersion "1"]
[SourceVersionDate "1996.11.15"]
[SourceQuality "1"]

1. e4 e6 2. d4 d5 3. e5 c5 4. c3 Nc6 5. Nf3 Qb6 6. a3 Bd7 7. Be2 Nh6 8. b4 cxd4 9. cxd4 Nf5 10. Bb2 Be7 11. 0-0 0-0 12. Bd3 g6 13. Bxf5 gxf5 14. Bc1 Kh8 15. b5 Qxb5 16. Ng5 f6 17. Nxh7 Rf7 18. Nxf6 Bxf6 19. exf6 Rxf6 20. a4 Qb6 21. Ra3 Kg7 22. Qh5 Rg6 23. Rh3 Kf7 24. Qh7+ Rg7 25. Qh5+ Rg6 26. Qh7+ Rg7 27. Qh5+ Rg6 28. Qh7+ Rg7 29. Qh5+ 1/2-1/2

[Event "Jakarta Interzonal (Women)"]
[Site "Jakarta"]
[Date "1993.??.??"]
[Round "?"]
[White "Marinello, Beatriz M"]
[Black "Sulistya, Maria Lucia Ratna"]
[Result "1-0"]
[WhiteElo "2160"]
[BlackElo "2190"]
[PlyCount "123"]
[EventDate "1993.07.??"]
[EventType "swiss"]
[EventRounds "13"]
[EventCountry "INA"]
[SourceTitle "EXT 1997"]
[Source "ChessBase"]
[SourceDate "1996.11.15"]
[SourceVersion "1"]
[SourceVersionDate "1996.11.15"]
[SourceQuality "1"]

1. e4 e5 2. Nf3 Nc6 3. Nc3 Nf6 4. Bb5 Bc5 5. 0-0 d6 6. d4 exd4 7. Nxd4 Bd7 8. Nb3 Bb6 9. Bg5 h6 10. Bh4 g5 11. Bg3 Qe7 12. Nd5 Nxd5 13. Bxc6 bxc6 14. exd5 0-0 15. Kh1 Qe4 16. dxc6 Bxc6 17. f3 Qg6 18. Bf2 Bb5 19. Bxb6 Bxf1 20. Bxc7 Rac8 21. Ba5 Ba6 22. Bc3 f5 23. Qd4 Rc7 24. Qd5+ Rcf7 25. Rd1 Bb7 26. Qxd6 Qxd6 27. Rxd6 Kh7 28. Kg1 Re8 29. Kf2 Ree7 30. Nc5 Rc7 31. b4 Rc6 32. Rd8 Re7 33. a3 Ba6 34. Rd2 Bc4 35. g3 Rc8 36. f4 gxf4 37. gxf4 Rg8 38. Nd7 Rc8 39. Be5 Bb5 40. Nc5 Rg8 41. a4 Bc6 42. Ke3 Rg1 43. b5 Be8 44. Kd4 Bf7 45. Kc3 Re1 46. Nd7 Be6 47. Nf8+ Kg8 48. Nxe6 Rxe6 49. Kb4 Rb1+ 50. Ka5 Kf7 51. c4 Rc1 52. Kb4 Ke7 53. c5 a5+ 54. Kxa5 Rxc5 55. Kb4 Rc1 56. a5 Rb1+ 57. Ka4 Rg6 58. a6 Rg8 59. Ka5 Rb3 60. a7 Ra8 61. Bb8 Rc3 62. Ka6 1-0

[Event "Jakarta Interzonal (Women)"]
[Site "Jakarta"]
[Date "1993.??.??"]
[Round "?"]
[White "Safranska, Anda"]
[Black "Marinello, Beatriz M"]
[Result "1-0"]
[WhiteElo "2290"]
[BlackElo "2160"]
[PlyCount "113"]
[EventDate "1993.07.??"]
[EventType "swiss"]
[EventRounds "13"]
[EventCountry "INA"]
[SourceTitle "EXT 1997"]
[Source "ChessBase"]
[SourceDate "1996.11.15"]
[SourceVersion "1"]
[SourceVersionDate "1996.11.15"]
[SourceQuality "1"]

1. g3 g6 2. Bg2 Bg7 3. e4 c5 4. d3 Nc6 5. f4 d6 6. Nf3 e6 7. 0-0 Nge7 8. c3 0-0 9. Be3 Rb8 10. a4 b6 11. Na3 a6 12. d4 cxd4 13. cxd4 d5 14. e5 Bb7 15. g4 Qd7 16. Nh4 f5 17. exf6 Bxf6 18. Nf3 Bg7 19. Ne5 Nxe5 20. fxe5 Rxf1+ 21. Bxf1 Rf8 22. Rc1 Nc6 23. Nb1 Qe7 24. Qe1 Na5 25. Rc2 Nc4 26. Bc1 Rf7 27. b3 Na5 28. Rc3 Bf8 29. Bd2 Nc6 30. Be3 Qd7 31. Qg3 Be7 32. Nd2 Bb4 33. Rc2 Na5 34. Bf2 Rf8 35. Be2 Qf7 36. Be1 Nc6 37. Qe3 Qe7 38. Bf2 Rxf2 39. Kxf2 Qh4+ 40. Kf1 Qxh2 41. Nf3 Qh3+ 42. Kf2 Qxg4 43. Qg5 Qe4 44. Rxc6 Bxc6 45. Qd8+ Bf8 46. Qc8 Qc2 47. Qxe6+ Kg7 48. Ng5 Qf5+ 49. Qxf5 gxf5 50. Ne6+ Kg8 51. Nxf8 Kxf8 52. Bxa6 Bd7 53. Bb7 Be6 54. Kf3 h5 55. Bc6 Kf7 56. Kf4 Kg6 57. b4 1-0

[Event "Jakarta Interzonal (Women)"]
[Site "Jakarta"]
[Date "1993.??.??"]
[Round "?"]
[White "Shumiakina, Tatiana"]
[Black "Marinello, Beatriz M"]
[Result "1/2-1/2"]
[WhiteElo "2320"]
[BlackElo "2160"]
[PlyCount "202"]
[EventDate "1993.07.??"]
[EventType "swiss"]
[EventRounds "13"]
[EventCountry "INA"]
[SourceTitle "EXT 1997"]
[Source "ChessBase"]
[SourceDate "1996.11.15"]
[SourceVersion "1"]
[SourceVersionDate "1996.11.15"]
[SourceQuality "1"]

1. g3 g6 2. d4 Bg7 3. Bg2 Nf6 4. e4 d6 5. Ne2 0-0 6. Nbc3 c6 7. a4 e5 8. 0-0 Na6 9. h3 Re8 10. Re1 Bd7 11. Bg5 h6 12. Be3 Qa5 13. Qd2 Kh7 14. Rad1 Rad8 15. f3 Bc8 16. d5 Nc5 17. b3 Nh5 18. Nb1 Qc7 19. g4 Nf6 20. Nbc3 a5 21. Ng3 cxd5 22. exd5 Bd7 23. Nce4 Nfxe4 24. fxe4 b5 25. axb5 Bxb5 26. Qf2 Rc8 27. Ra1 Ra8 28. Bf1 Bxf1 29. Rxf1 f6 30. Bxc5 dxc5 31. Ra4 Reb8 32. Rc4 a4 33. Rxc5 Qd7 34. bxa4 Rxa4 35. Rc6 Rbb4 36. Qc5 Rb7 37. Rd1 Rab4 38. Qd6 Qxd6 39. Rxd6 Rc7 40. Rd2 Rbc4 41. Re6 Kg8 42. Ra6 Rxc2 43. d6 Rc1+ 44. Kf2 Rd7 45. h4 Kf7 46. h5 Rc4 47. Ke3 Rc3+ 48. Rd3 Rc1 49. Kd2 Rc4 50. Rc3 Rd4+ 51. Ke3 Bf8 52. hxg6+ Kxg6 53. Nf5 Bxd6 54. Rcc6 Be7 55. Nxd4 exd4+ 56. Kd3 Kg5 57. Ra5+ Kxg4 58. Rd5 Ra7 59. Rxd4 Kf3 60. Rc3 h5 61. Rd5 h4 62. Rf5+ Kg4 63. Rc8 Rd7+ 64. Ke2 Rd8 65. Rc1 Ra8 66. Rg1+ Kh3 67. Rg7 Ra2+ 68. Kd3 Ra3+ 69. Ke2 Bd6 70. Rf3+ Rxf3 71. Kxf3 Bg3 72. Rg6 Be5 73. Rg1 Kh2 74. Rd1 Bg3 75. Rd2+ Kh3 76. Rc2 Be5 77. Rc1 Kh2 78. Kg4 Bg3 79. Rc2+ Kg1 80. Kh3 Kf1 81. Ra2 Ke1 82. Kg4 Kd1 83. Ra6 Be5 84. Kxh4 Ke2 85. Ra3 Bd4 86. Kg4 Be5 87. Kf5 Kd2 88. Ke6 Ke2 89. Kd5 Kd2 90. Rh3 Ke2 91. Rh5 Ba1 92. Rh1 Be5 93. Rb1 Kd3 94. Rf1 Ke3 95. Rf5 Ba1 96. Rh5 Kf4 97. Rh3 Be5 98. Rh1 Ke3 99. Rb1 Kf3 100. Re1 Kf2 101. Rh1 Kf3 1/2-1/2

[Event "New York op"]
[Site "New York"]
[Date "1992.??.??"]
[Round "?"]
[White "Marinello, Beatriz M"]
[Black "Bisguier, Arthur Bernard"]
[Result "0-1"]
[WhiteElo "2205"]
[BlackElo "2375"]
[PlyCount "52"]
[EventDate "1992.04.??"]
[EventType "swiss"]
[EventRounds "9"]
[EventCountry "USA"]
[SourceTitle "EXT 2002"]
[Source "ChessBase"]
[SourceDate "2001.11.25"]
[SourceVersion "1"]
[SourceVersionDate "2001.11.25"]
[SourceQuality "1"]

1. e4 e5 2. Nf3 Nc6 3. Bb5 Nf6 4. 0-0 Nxe4 5. d4 Nd6 6. Bxc6 dxc6 7. dxe5 Nf5 8. Qxd8+ Kxd8 9. b3 h6 10. c4 a5 11. Nc3 Bb4 12. Bb2 Bxc3 13. Bxc3 Be6 14. Rfd1+ Kc8 15. h3 c5 16. g4 Ne7 17. Ne1 h5 18. f3 b6 19. Nd3 Ng6 20. a4 Kb7 21. Rd2 hxg4 22. hxg4 Rh3 23. Rf1 Nh4 24. Rdf2 Bxg4 25. Nf4 Nxf3+ 26. Kg2 Nh4+ 0-1

[Event "New York op"]
[Site "New York"]
[Date "1992.??.??"]
[Round "1"]
[White "Marinello, Beatriz M"]
[Black "Ivanov, Igor Vasilievich"]
[Result "0-1"]
[WhiteElo "2205"]
[BlackElo "2465"]
[PlyCount "74"]
[EventDate "1992.04.??"]
[EventType "swiss"]
[EventRounds "9"]
[EventCountry "USA"]
[SourceTitle "TD"]
[Source "ChessBase"]
[SourceDate "1994.03.01"]
[SourceVersion "1"]
[SourceVersionDate "1994.03.01"]
[SourceQuality "1"]

1. e4 c5 2. Nf3 e6 3. c3 d5 4. exd5 exd5 5. d4 Nf6 6. Bb5+ Bd7 7. Qe2+ Be7 8. 0-0 0-0 9. Bxd7 Nbxd7 10. dxc5 Re8 11. Nbd2 Bxc5 12. Qd3 Bb6 13. Nb3 h6 14. a4 a6 15. a5 Ba7 16. Ra4 Re4 17. Nfd4 Ne5 18. Qh3 Ng6 19. Rb4 Rb8 20. Be3 Nf4 21. Bxf4 Rxf4 22. Ne6 Rxb4 23. Nxd8 Rxb3 24. Ne6 fxe6 25. Qxe6+ Kh8 26. Qe2 Rc8 27. Rd1 Rb5 28. g3 Re8 29. Qc2 Ne4 30. Kg2 Rf8 31. f3 Nd6 32. Re1 Nc4 33. Kh3 Rxb2 34. Qg6 Ne3 35. f4 Rb5 36. Qe6 d4 37. g4 dxc3 0-1

[Event "Subotica Interzonal (Women)"]
[Site "Subotica"]
[Date "1991.??.??"]
[Round "8"]
[White "Botsari, Anna Maria"]
[Black "Marinello, Beatriz M"]
[Result "1-0"]
[WhiteElo "2285"]
[BlackElo "2185"]
[PlyCount "59"]
[EventDate "1991.11.??"]
[EventType "swiss"]
[EventRounds "13"]
[EventCountry "YUG"]
[SourceTitle "TD"]
[Source "ChessBase"]
[SourceDate "1994.03.01"]
[SourceVersion "1"]
[SourceVersionDate "1994.03.01"]
[SourceQuality "1"]

1. d4 Nf6 2. c4 g6 3. Nc3 Bg7 4. e4 d6 5. f3 0-0 6. Bg5 a6 7. Qd2 Nbd7 8. Nh3 c5 9. d5 b5 10. cxb5 Ne5 11. Nf2 axb5 12. Bxb5 Ba6 13. Bxa6 Rxa6 14. 0-0 Qa5 15. Rac1 Rb8 16. b3 Rb4 17. Qe2 e6 18. dxe6 fxe6 19. Bd2 Rb7 20. Nd3 Nxd3 21. Qxd3 Nd7 22. f4 Rb4 23. Qh3 d5 24. exd5 Rd4 25. Be1 Qa3 26. Rc2 Qa5 27. dxe6 Nf6 28. Ne2 Qd8 29. e7 Qxe7 30. Nxd4 1-0

[Event "Subotica Interzonal (Women)"]
[Site "Subotica"]
[Date "1991.??.??"]
[Round "2"]
[White "Kachiani Gersinska, Ketino"]
[Black "Marinello, Beatriz M"]
[Result "1/2-1/2"]
[WhiteElo "2345"]
[BlackElo "2185"]
[PlyCount "82"]
[EventDate "1991.11.??"]
[EventType "swiss"]
[EventRounds "13"]
[EventCountry "YUG"]
[SourceTitle "TD"]
[Source "ChessBase"]
[SourceDate "1994.03.01"]
[SourceVersion "1"]
[SourceVersionDate "1994.03.01"]
[SourceQuality "1"]

1. d4 Nf6 2. c4 g6 3. Nc3 Bg7 4. e4 d6 5. Be2 0-0 6. Bg5 c5 7. d5 h6 8. Be3 e6 9. Qd2 exd5 10. cxd5 Re8 11. f3 h5 12. a4 Nh7 13. Bd1 Na6 14. Nge2 f5 15. 0-0 Nb4 16. a5 Bf6 17. Ba4 Re5 18. f4 Rxe4 19. Nxe4 fxe4 20. Nc3 Bf5 21. Bb5 Bg7 22. Bf2 e3 23. Bxe3 Nc2 24. Ra4 Nxe3 25. Qxe3 Nf6 26. h3 a6 27. Bd3 Bd7 28. Bxg6 Bxa4 29. Qe6+ Kh8 30. Nxa4 Qxa5 31. Nc3 Qb4 32. Qe2 Qd4+ 33. Kh1 b5 34. h4 b4 35. Ne4 Nxe4 36. Qxh5+ Kg8 37. Qh7+ Kf8 38. Bxe4 Re8 39. Bf3 Qxb2 40. f5 Qf6 41. g4 Qc3 1/2-1/2

[Event "Subotica Interzonal (Women)"]
[Site "Subotica"]
[Date "1991.??.??"]
[Round "10"]
[White "Kalevic, Sanja"]
[Black "Marinello, Beatriz M"]
[Result "0-1"]
[WhiteElo "2150"]
[BlackElo "2185"]
[PlyCount "88"]
[EventDate "1991.11.??"]
[EventType "swiss"]
[EventRounds "13"]
[EventCountry "YUG"]
[SourceTitle "TD"]
[Source "ChessBase"]
[SourceDate "1994.03.01"]
[SourceVersion "1"]
[SourceVersionDate "1994.03.01"]
[SourceQuality "1"]

1. e4 e6 2. d4 d5 3. Nc3 Nf6 4. Bg5 Be7 5. e5 Nfd7 6. Bxe7 Qxe7 7. f4 a6 8. Nf3 c5 9. dxc5 Qxc5 10. Qd2 b5 11. Bd3 Nc6 12. g4 Bb7 13. Rf1 h6 14. a3 Nb6 15. Qf2 Qxf2+ 16. Rxf2 0-0-0 17. 0-0-0 Kb8 18. Ne2 Nc4 19. Ned4 Nxd4 20. Nxd4 Rd7 21. Re1 Re7 22. Rfe2 h5 23. gxh5 Rxh5 24. f5 Rg5 25. fxe6 fxe6 26. c3 Kc7 27. Bxc4 dxc4 28. Rf2 Bd5 29. Kd2 Kd7 30. Ree2 Ke8 31. Ke1 Rf7 32. Rxf7 Kxf7 33. Kf2 Kg6 34. Kf1 Kh5 35. Re3 Kh4 36. Ne2 Rg4 37. Ng3 Rf4+ 38. Ke2 g5 39. Nf1 g4 40. Nd2 Rf5 41. Ke1 Kg5 42. h3 Kf4 43. Kf2 gxh3 44. Rxh3 Kg4+ 0-1

[Event "Subotica Interzonal (Women)"]
[Site "Subotica"]
[Date "1991.??.??"]
[Round "11"]
[White "Marinello, Beatriz M"]
[Black "Csonkics, Tunde"]
[Result "0-1"]
[WhiteElo "2185"]
[BlackElo "2320"]
[PlyCount "94"]
[EventDate "1991.11.??"]
[EventType "swiss"]
[EventRounds "13"]
[EventCountry "YUG"]
[SourceTitle "TD"]
[Source "ChessBase"]
[SourceDate "1994.03.01"]
[SourceVersion "1"]
[SourceVersionDate "1994.03.01"]
[SourceQuality "1"]

1. e4 c5 2. Nf3 d6 3. d4 cxd4 4. Nxd4 Nf6 5. Nc3 a6 6. f4 e5 7. Nf3 Nbd7 8. a4 b6 9. Bd3 Bb7 10. 0-0 Be7 11. Qe1 0-0 12. Kh1 Re8 13. fxe5 dxe5 14. Bg5 Qc7 15. Nh4 g6 16. Qf2 Rac8 17. Qf3 Qd6 18. Nd1 Qe6 19. Ne3 Ng4 20. Bxe7 Nxe3 21. Qxe3 Qxe7 22. Qg3 Kh8 23. Rf2 Nf6 24. Qe3 Ng4 25. Qg3 Nxf2+ 26. Qxf2 Rf8 27. Rf1 b5 28. axb5 axb5 29. Bxb5 Bxe4 30. c3 f5 31. Re1 Rfd8 32. Nf3 Bxf3 33. Qxf3 e4 34. Qf4 Rc5 35. c4 Re5 36. Qe3 Rd3 37. Qb6 e3 38. c5 Rd2 39. c6 Rc2 40. Bd3 Rcc5 41. b4 Rc3 42. Be2 Qd6 43. b5 Rec5 44. Qa5 Rc1 45. Kg1 R5c3 46. Rf1 Qd4 47. g3 Qd2 0-1